Problemas filosóficos en torno a la filosofía de la ciencia
Збережено в:
| Автор: | |
|---|---|
| Формат: | Книга |
| Мова: | Undetermined |
| Опубліковано: |
San José, Costa Rica
Editorial Universidad de Costa Rica
1978
|
| Предмети: | |
| Теги: |
Додати тег
Немає тегів, Будьте першим, хто поставить тег для цього запису!
|
MARC
| LEADER | 00000nam a2200000Ia 4500 | ||
|---|---|---|---|
| 008 | 170316s9999 xx 000 0 und d | ||
| 090 | |a 100 R-6.1c | ||
| 100 | |a Ramírez Castañeda, Santiago | ||
| 245 | |a Problemas filosóficos en torno a la filosofía de la ciencia | ||
| 260 | |a San José, Costa Rica | ||
| 260 | |b Editorial Universidad de Costa Rica | ||
| 260 | |c 1978 | ||
| 300 | |a 122 páginas | ||
| 650 | |a FILOSOFÍA | ||
| 650 | |a EPISTEMOLOGÍA | ||
| 999 | |c 17518 |d 17518 | ||
| 040 | |a cru BVZT | ||
| 942 | |c 15 D |h 100 R-6.1c |2 z | ||
